000 01264cam a22003857a 4500
003 CHAP
005 20220817042738.0
008 971013s1994 r 00010 d
010 _a54207
011 _a55179
035 _a59331
040 _cCHAP
082 _a632.93
_bF3 v.120
110 _aFAO
245 1 0 _aWeed management for developing countries
260 _aRome :
_bFAO,
_c1994
300 _a381 p.
_b: ilus.
490 0 _aFAO. Producción y protección vegetal
_v; 120
590 _aBATCH-UPD
_b10
_c20130110
_lUCH01
_h0419
590 _aBATCH-UPD
_b10
_c20130110
_lUCH01
_h2044
590 _aBATCH-UPD
_b10
_c20130410
_lUCH01
_h0054
590 _aBATCH-UPD
_b10
_c20130410
_lUCH01
_h1545
590 _aBATCH-UPD
_b10
_c20130914
_lUCH01
_h0855
590 _aCONVERSION
_b10
_c20130109
_lUCH01
_h1329
650 1 4 _aHerbicidas.
_953691
650 1 4 _aMalas hierbas
_xControl.
_970011
650 1 4 _aMalas hierbas
_xEcología.
_970017
650 1 4 _aMalas hierbas
_xPaíses desarrollados.
_970030
700 0 _aCaseley, J. C.
_eed.
_919808
700 0 _aLabrada, R.
_eed.
_964299
830 0 _aFAO. Producción y protección vegetal
_v; 120
_939654
901 _aBK
942 _cLIBRO
949 _a632.93 F3 v.120
_bBC
_cFAO
_d33724000396552
_eFAO1
_h89842
_i59331
_si
999 _c54207
_d54207